Primárne žiariče parabolických antén : Habil.práca : Obh. 17.06.1991 /

Salvato in:
Dettagli Bibliografici
Autore principale: Hajach, Peter, 1946- (Autore)
Natura: Manoscritto Libro
Pubblicazione: Bratislava : SVŠT v Bratislave EF, 1991
Tags: Aggiungi Tag
Nessun Tag, puoi essere il primo ad aggiungerne!!

MARC

LEADER 00000ntm a22000003a 4500
001 stu7247
005 20150617225809.6
008 ------s1991----------------------------d
040 |a STU  |b slo 
041 0
100 1 |a Hajach, Peter,  |d 1946-  |4 aut  |u E230  |U FEI Fakulta elektrotechniky a informatiky  |T FEI Katedra rádioelektroniky  |X 2170  |U E230  |Y 71  |7 A000002170 
245 1 |a Primárne žiariče parabolických antén :  |b Habil.práca : Obh. 17.06.1991 /  |c [aut.] Hajach,Peter, Ing. CSc 
260 |a Bratislava :  |b SVŠT v Bratislave EF,  |c 1991 
300 |a preruš.str 
996 |b 284ED00901  |c E*HABIL-88  |l EE01  |s A  |a 24  |w stu7247_0001